000 01120nam a2200313 i 4500
003 EG-GICUC
005 20260121101541.0
008 251227s1990 le ||||fr|||| 00| 0 ara d
017 _a1990/873
040 _a EG-GICUC
_bara
_c EG-GICUC
_d EG-GICUC
_erda
041 0 _aara
082 0 4 _221
_a343.3
_bم ح . ق
092 0 4 _221
099 _aLaw1 10 343.3 م ح . ق 1 ed - 1990
100 0 _aمحمد الجازوي
_eمؤلف.
245 1 0 _aقانون الإجراءات الجنائية /
_cدكتور محمد الجازوي.
250 _aالطبعة الأولى
264 1 _aليبيا :
_bالدار الجماهيريةللنشر والتوزيع والإعلان،
_c1990.
300 _a484 ؛ صفحة
_c24 سم.
336 _2rda content
_atext
337 _2rda media
_aComputer
338 _2rda carrier
_aOnline Resource
546 _aالنص باللغة العربية
650 1 4 _a قانون الإجراءات الجنائية
650 1 4 _aالقانون الجنائي
856 4 0 _uhttps://fll.law.cu.edu.eg/fulltext/bks/B10-05699.pdf
905 _a77
942 _2ddc
_cBK
_e21
_n0
999 _c52722
_d52722